|
|
|
|
| LEADER |
02062nam a22004578i 4500 |
| 001 |
36829 |
| 003 |
BD-DhAAL |
| 005 |
20211129105354.0 |
| 008 |
200101t2020 nyu b 001 0 eng d |
| 999 |
|
|
|c 42114
|d 42114
|
| 010 |
|
|
|a 2018042983
|
| 020 |
|
|
|a 9781292316970
|
| 020 |
|
|
|a 1292316977
|
| 020 |
|
|
|a 9780135175217
|
| 020 |
|
|
|a 0135175216
|
| 040 |
|
|
|a DLC
|b eng
|e rda
|c DLC
|d BD-DhAAL
|
| 042 |
|
|
|a pcc
|
| 050 |
0 |
0 |
|a HG4521
|b .G547 2019
|
| 082 |
0 |
0 |
|a 332.6
|2 23
|
| 100 |
1 |
|
|a Smart, Scott B.
|9 38726
|
| 245 |
1 |
0 |
|a Fundamentals of investing /
|c Scott B. Smart, Chad J. Zutter.
|
| 250 |
|
|
|a Fourteenth Edition.
|
| 260 |
|
|
|a New York, NY :
|b Pearson,
|c 2020
|
| 263 |
|
|
|a 1901
|
| 300 |
|
|
|a 696 pages :
|b illustrations ;
|c 26 cm
|
| 490 |
0 |
|
|a Pearson series of finance
|
| 500 |
|
|
|a Revised edition of Fundamentals of investing, [2017]
|
| 504 |
|
|
|a Includes bibliographical references and index.
|
| 505 |
0 |
|
|a The investment environment -- Securities markets and transactions -- Investment information and securities transactions -- Return and risk -- Modern portfolio concepts -- Common stocks -- Analyzing common stocks -- Stock valuation -- Market efficiency and behavioral finance -- Fixed-income securities -- Bibliographic references -- Index.
|
| 526 |
|
|
|a BBS
|
| 541 |
|
|
|a Trim Education
|e 36829, 36830
|
| 650 |
|
0 |
|a Investments.
|9 38727
|
| 650 |
|
0 |
|a Portfolio management.
|9 38728
|
| 650 |
|
0 |
|a Investments
|v Problems, exercises, etc.
|9 38729
|
| 650 |
|
0 |
|a Finance.
|9 38730
|
| 650 |
|
0 |
|a Business & finance
|9 43318
|
| 700 |
1 |
|
|a Zutter, Chad J.
|9 38731
|
| 852 |
|
|
|a Ayesha Abed Library
|c General Stacks
|
| 942 |
|
|
|2 ddc
|c BK
|
| 952 |
|
|
|0 0
|1 0
|2 ddc
|4 0
|6 332_600000000000000_SMA
|7 0
|9 67626
|a BRACUL
|b BRACUL
|c GEN
|d 2019-12-31
|e Trim Education
|g 4890.00
|l 3
|m 3
|o 332.6 SMA
|p 3010036829
|r 2025-10-28
|s 2025-10-19
|t 1
|v 4890.00
|w 2019-12-31
|y BK
|
| 952 |
|
|
|0 0
|1 0
|2 ddc
|4 0
|6 332_600000000000000_SMA
|7 0
|9 67627
|a BRACUL
|b BRACUL
|c GEN
|d 2019-12-31
|e Trim Education
|g 4890.00
|l 1
|m 8
|o 332.6 SMA
|p 3010036830
|q 2025-11-06
|r 2020-01-14
|s 2020-01-14
|t 2
|v 4890.00
|w 2019-12-31
|y BK
|